000 01693nam0a2200361 4500
001 RU\NLR\bibl\473114
005 20260405062912.0
010 _a5-89502-290-1
_bМПСИ
010 _a5-89395-352-5
_95000
_bНПО "МОДЭК"
035 _a(NLR Aleph) 000466215
090 _a964942
_c964942
100 _a20031217d2001 |||y0rusy50 ca
101 0 _arus
102 _aRU
105 _aa |||||||||
200 1 _aНейропсихология и афазия : новый подход
_eУчеб.-метод. пособие
_fЛ.С. Цветкова
_gРос. акад. образования, Моск. психол.-социал. ин-т
210 _aМ.
_cМПСИ
_aВоронеж
_cМОДЭК
_d2001
215 _a587,[4] с.
_cил.
_d21
225 1 _aБиблиотека психолога
300 _aВ аннот. авт.: нейропсихолог и афазиолог
320 _aБиблиогр. в конце кн. (254 назв.)
606 0 _aАфазия
_jУчебно-методические пособия
_9900520
_3RU\NLR\auth\667218
606 0 _aАфазия
_jРуководства, пособия и т.п.
_9900520
_3RU\NLR\auth\667218
606 0 _aНейропсихология
_jУчебно-методические пособия
_91695162
_3RU\NLR\auth\66754041
686 _aР62-321.11я7
686 _aЮ948.5я7
700 1 _4070
_8rus
_7ca
_aЦветкова
_bЛ. С.
_cд-р психол. наук
_f1929-2016
_gЛюбовь Семеновна
_3RU\NLR\auth\7721544
_94606
801 0 _aRU
_bNLR
_c20031217
_gPSBO
801 1 _aRU
_bNLR
_c20031217
830 _aАвт. по кн.
942 _cBOOK
980 _aNB